[Event "Open Semana Santa 2023"]
[Site "?"]
[Date "2023.04.07"]
[Round "5.134"]
[White "Morato Tent, Francisco"]
[Black "Persson Bogdanovic, Nils Oskar"]
[Result "0-1"]
[WhiteElo "1975"]
[BlackElo "1690"]
[PlyCount "88"]

1. e4 c5 2. d4 cxd4 3. c3 dxc3 4. Nxc3 Nc6 5. Bc4 g6 6. Bf4 Bg7 7. Rc1 d6 8.
Nf3 Nf6 9. e5 Nh5 10. Qd2 dxe5 11. Qxd8+ Kxd8 12. Be3 f6 13. Nb5 Bg4 14. Nd2
Nf4 15. Kf1 Bf5 16. Rc3 a6 17. Bb6+ Kd7 18. Na3 Nb4 19. f3 Bh6 20. Ne4 Nfd5 21.
Bxd5 Nxd5 22. Rd3 Kc6 23. Bf2 b5 24. g3 Rhd8 25. Ke2 Rd7 26. Rhd1 Rad8 27. Nc2
a5 28. Be1 b4 29. a3 b3 30. Rxb3 Bxe4 31. fxe4 Nf4+ 32. gxf4 Rxd1 33. Bxa5 R8d6
34. Nb4+ Kb5 35. Nd5+ Kxa5 36. Kxd1 e6 37. fxe5 fxe5 38. Rh3 Bf4 39. Rxh7 exd5
40. exd5 Rxd5+ 41. Kc2 e4 42. b4+ Ka4 43. Ra7+ Kb5 44. Ra5+ Kc4 0-1

[Event "Open Semana Santa 2023"]
[Site "?"]
[Date "2023.07.09"]
[Round "5.135"]
[White "Blanco Sanchez, Jose Fernando"]
[Black "Montano Alvarez, Antonio Jose"]
[Result "1/2-1/2"]
[WhiteElo "1971"]
[BlackElo "1685"]
[PlyCount "102"]

1. e4 e5 2. Nf3 Nc6 3. Bc4 Nf6 4. d4 exd4 5. O-O Nxe4 6. Re1 d5 7. Bxd5 Qxd5 8.
Nc3 Qh5 9. Nxe4 Be6 10. Bg5 Bd6 11. Nxd6+ cxd6 12. Bf4 Qd5 13. c4 Qc5 14. Nd2
O-O 15. Rc1 Rfd8 16. Ne4 Qb4 17. b3 d5 18. cxd5 Rxd5 19. Ng5 d3 20. Rc4 Qe7 21.
Nxe6 fxe6 22. Rce4 Qf6 23. Bd2 e5 24. Bc3 Qf5 25. Qd2 Rad8 26. h3 h6 27. a4 Qg5
28. Qxg5 hxg5 29. Bd2 Kf7 30. Bxg5 R8d7 31. Rd1 Rd4 32. Rxd4 Rxd4 33. Be3 Rd5
34. f3 Ke6 35. g4 a6 36. h4 Nb4 37. h5 Rd8 38. Kf2 Rc8 39. Bd2 Nc2 40. Rc1 Kd5
41. g5 e4 42. f4 Rf8 43. Be3 Rh8 44. Rh1 Ke6 45. h6 gxh6 46. Rxh6+ Rxh6 47.
gxh6 Kf7 48. f5 Nxe3 49. Kxe3 a5 50. Kd2 Kf6 51. Ke3 Kf7 1/2-1/2

[Event "Open Semana Santa 2023"]
[Site "?"]
[Date "2023.04.07"]
[Round "5.136"]
[White "Torres Rebolledo, Victor"]
[Black "Cesar Maestre, Eduardo"]
[Result "1/2-1/2"]
[WhiteElo "1960"]
[BlackElo "1649"]
[PlyCount "101"]

1. d4 d5 2. c4 e6 3. Nc3 c6 4. Nf3 dxc4 5. a4 Bb4 6. Ne5 b5 7. g3 Bb7 8. Bg2
Qc7 9. O-O Bxc3 10. bxc3 Nd7 11. Bf4 Qc8 12. Qb1 a6 13. axb5 axb5 14. Nxd7 Qxd7
15. Rxa8+ Bxa8 16. Be5 f6 17. Bb8 Ne7 18. Qa1 Bb7 19. Ba7 O-O 20. Bc5 Ra8 21.
Qb2 Nd5 22. Ra1 Qc8 23. Rxa8 Qxa8 24. Bxd5 exd5 25. h4 Qa4 26. Qd2 Qa1+ 27. Kg2
Qb1 28. f3 Qf5 29. Qe3 Qd7 30. Kf2 Kf7 31. Qf4 Bc8 32. g4 Qe6 33. Qc7+ Bd7 34.
Qb8 Bc8 35. Bb4 Qd7 36. Qf4 Qe6 37. Qc7+ Qd7 38. Qb6 Qe8 39. Qc5 Bd7 40. Qd6
Bc8 41. h5 g6 42. Qf4 g5 43. Qd6 Kg7 44. Kg3 Bd7 45. e4 dxe4 46. fxe4 Bxg4 47.
h6+ Kg6 48. Kxg4 Qxe4+ 49. Kh3 Qf3+ 50. Kh2 Qf2+ 51. Kh1 1/2-1/2

[Event "Open Semana Santa 2023"]
[Site "?"]
[Date "2023.04.07"]
[Round "5.137"]
[White "Borisova Douchkova, Vanesa"]
[Black "Molina Souponitskaia, Alexander"]
[Result "0-1"]
[WhiteElo "1617"]
[BlackElo "1959"]
[PlyCount "94"]

1. d4 Nf6 2. c4 b6 3. Nf3 Bb7 4. g3 g6 5. Bg2 Bg7 6. O-O O-O 7. Nc3 Ne4 8. Nxe4
Bxe4 9. Bd2 d6 10. Qc1 Nd7 11. Bh6 e5 12. Bxg7 Kxg7 13. dxe5 dxe5 14. Qc3 Qf6
15. Rfd1 Rad8 16. Nxe5 Qxe5 17. Bxe4 Qxc3 18. bxc3 Ne5 19. Bd3 Rd6 20. c5 bxc5
21. Bc2 Rfd8 22. Kf1 Rb8 23. Rxd6 cxd6 24. Rb1 Rxb1+ 25. Bxb1 f5 26. e4 Nc4 27.
Ke1 Na3 28. Bd3 c4 29. Bf1 fxe4 30. f3 exf3 31. Kf2 Kf6 32. Kxf3 d5 33. Ke3 Ke5
34. Kd2 a5 35. Kc1 Nb5 36. Kc2 a4 37. Bg2 a3 38. h4 h6 39. g4 g5 40. hxg5 hxg5
41. Bf1 Nd6 42. Be2 Ne4 43. Bd1 Kf4 44. Be2 Nf6 45. Kd2 Ne4+ 46. Kc2 Ke3 47.
Bd1 Nf2 0-1

[Event "Open Semana Santa 2023"]
[Site "?"]
[Date "2023.04.07"]
[Round "5.138"]
[White "Rodriguez Bittar, Karim Javier"]
[Black "Menendez Osorio, Carmen"]
[Result "1-0"]
[WhiteElo "1959"]
[BlackElo "1581"]
[PlyCount "89"]

1. e4 c5 2. Nc3 e6 3. g3 d5 4. Bg2 Nf6 5. e5 Nfd7 6. f4 Be7 7. Nf3 O-O 8. O-O
Nc6 9. d3 a6 10. Ne2 b5 11. c3 Bb7 12. Kh1 Qc7 13. Be3 c4 14. d4 b4 15. g4 f6
16. Ng3 g6 17. f5 fxe5 18. fxe6 Nf6 19. Nxe5 Nd8 20. Bh6 Re8 21. g5 Ne4 22.
Nxe4 dxe4 23. Qg4 Bd5 24. Bxe4 Qb7 25. Bxd5 Qxd5+ 26. Kg1 bxc3 27. bxc3 Qxe6
28. Qf3 Rb8 29. Rf2 a5 30. Raf1 Nb7 31. Qf7+ Qxf7 32. Rxf7 Bf8 33. Nd7 Bxh6 34.
Nxb8 Nd6 35. Rd7 Bxg5 36. Rxd6 Rxb8 37. Kg2 Rb2+ 38. Rf2 Rxf2+ 39. Kxf2 Bd2 40.
Rc6 Bxc3 41. Rxc4 Bb4 42. Ke3 Kf7 43. Rc7+ Kg8 44. h3 a4 45. Rc4 1-0

[Event "Open Semana Santa 2023"]
[Site "?"]
[Date "2023.04.07"]
[Round "5.139"]
[White "Kiryttopoulos, Ioannis"]
[Black "Donate Moreno, David"]
[Result "1-0"]
[WhiteElo "1620"]
[BlackElo "1958"]
[PlyCount "81"]

1. e4 c5 2. Nf3 a6 3. d4 cxd4 4. Nxd4 Nf6 5. Nc3 e5 6. Nf3 Nc6 7. Bc4 Bb4 8.
O-O O-O 9. Nd5 b5 10. Bb3 Bb7 11. Nxf6+ Qxf6 12. Qxd7 Bc8 13. Qd3 Rd8 14. Bd5
h6 15. Qb3 Be6 16. Be3 Rac8 17. Bxe6 fxe6 18. Rad1 Be7 19. Bb6 Rf8 20. h3 Qg6
21. Kh1 Rf4 22. Rfe1 Rcf8 23. Qc3 Qh5 24. Qxc6 Rxf3 25. gxf3 Rf6 26. Kh2 Rg6
27. Rg1 Bg5 28. Rg4 Rf6 29. Kg2 Rxf3 30. Kxf3 Qxh3+ 31. Rg3 Qh5+ 32. Kg2 Qxd1
33. Qxe6+ Kh8 34. Rf3 Bf6 35. Be3 Qxc2 36. Bxh6 Qxe4 37. Be3 Qg6+ 38. Kh2 Qh5+
39. Rh3 Bh4 40. Qe7 g5 41. Qxg5 1-0

[Event "Open Semana Santa 2023"]
[Site "?"]
[Date "2023.04.07"]
[Round "5.140"]
[White "Ainsa Jimenez, Lucas"]
[Black "Perez Gonzalez, Roberto"]
[Result "1-0"]
[WhiteElo "1533"]
[BlackElo "1957"]
[PlyCount "103"]

1. e4 c5 2. Nf3 Nc6 3. d4 cxd4 4. Nxd4 e5 5. Nf5 d5 6. Ng3 d4 7. a3 Be6 8. Nd2
Qa5 9. Bd3 Nb4 10. O-O Nxd3 11. cxd3 Rc8 12. Nf3 f6 13. Nh4 Ne7 14. f4 exf4 15.
Ne2 Ng6 16. Nxg6 hxg6 17. Nxf4 Bf7 18. Qg4 f5 19. exf5 gxf5 20. Qg5 Qe5 21. Qg3
Qf6 22. Re1+ Kd7 23. Nh3 Bd6 24. Qf3 Rc7 25. Bf4 Bxf4 26. Qxf4 Rh4 27. Qf2 g5
28. Re2 Bh5 29. Re4 Rxe4 30. dxe4 f4 31. Qf1 Qe5 32. Qd3 Kc8 33. Nf2 g4 34. g3
f3 35. Rd1 Rd7 36. Qc4+ Qc7 37. Rxd4 Rxd4 38. Qxd4 Qc1+ 39. Nd1 Qb1 40. e5 Qc2
41. Qc3+ Qxc3 42. Nxc3 Kd7 43. Ne4 Ke6 44. Nf6 Bg6 45. Nxg4 Bf5 46. h3 Bxg4 47.
hxg4 Kxe5 48. Kf2 Ke4 49. a4 b6 50. b4 a6 51. b5 axb5 52. axb5 1-0

[Event "Open Semana Santa 2023"]
[Site "?"]
[Date "2023.04.07"]
[Round "5.141"]
[White "Fernandez Fernandez, Juan Carlos"]
[Black "Pousada Estevez, Daniel"]
[Result "1/2-1/2"]
[WhiteElo "1953"]
[BlackElo "1580"]
[Annotator "Usuario"]
[PlyCount "60"]

1. d4 Nf6 2. c4 e6 3. Nf3 b6 4. g3 Bb7 5. Bg2 Bb4+ 6. Bd2 Be7 7. O-O O-O 8. Bc3
d5 9. Ne5 Nbd7 10. Nxd7 Qxd7 11. Nd2 c5 12. e3 dxc4 13. Bxb7 Qxb7 14. dxc5 b5
15. Bd4 Rfd8 16. Qc2 Qd5 17. Bxf6 Bxf6 18. Ne4 Be7 19. b3 Bxc5 20. bxc4 bxc4
21. Rfd1 Qf5 22. Qxc4 Bf8 23. Qa4 Rab8 24. Nd2 Rb2 25. g4 Qf6 26. Ne4 Rxd1+ 27.
Rxd1 Qf3 28. a3 Qxg4+ 29. Kh1 Qf3+ 30. Kg1 Qg4+ $11 1/2-1/2

[Event "Open Semana Santa 2023"]
[Site "?"]
[Date "2023.04.07"]
[Round "5.142"]
[White "Beneyto De Ramon, Guillermo"]
[Black "Mansor Habash, Zouheir"]
[Result "1-0"]
[WhiteElo "1953"]
[BlackElo "1570"]
[Annotator "Usuario"]
[PlyCount "47"]

1. c4 e6 2. Nc3 d5 3. cxd5 exd5 4. Nf3 Nf6 5. g3 d4 6. Qa4+ Nc6 7. Nb5 Bd7 8.
Nbxd4 Bc5 9. Qc4 Qe7 10. Bg2 Rd8 11. O-O Nxd4 $11 12. Nxd4 Bxd4 13. Qxd4 Bg4
14. Qxa7 c6 15. e3 Ne4 16. f3 Nxd2 17. Bxd2 Rxd2 18. fxg4 O-O 19. Bxc6 Rxb2 20.
Rab1 Re2 21. Rxb7 Qe6 22. Rbxf7 Ra8 23. Qxa8+ Qe8 24. Qxe8# 1-0

[Event "Open Semana Santa 2023"]
[Site "?"]
[Date "2023.04.07"]
[Round "5.143"]
[White "Marin Bellon, Federico"]
[Black "San Vicente Crespo, Pablo"]
[Result "1-0"]
[WhiteElo "1950"]
[BlackElo "1547"]
[PlyCount "109"]

1. e4 c5 2. f4 d5 3. exd5 Nf6 4. Nf3 Nxd5 5. Bb5+ Bd7 6. Bc4 Nb6 7. Be2 Nc6 8.
b3 Bf5 9. Bb2 Nd4 10. Nxd4 cxd4 11. Bb5+ Bd7 12. Qe2 a6 13. Bd3 Bc6 14. O-O g6
15. f5 Qd5 16. c4 dxc3 17. Nxc3 Qc5+ 18. Rf2 Bg7 19. Na4 Nxa4 20. Bxg7 Rg8 21.
Bh6 Nb2 22. Be4 gxf5 23. Bxc6+ bxc6 24. d4 Qxd4 25. Qxb2 Qxb2 26. Rxb2 O-O-O
27. Rc1 Kb7 28. Rd2 Rxd2 29. Bxd2 Rd8 30. Bb4 e6 31. Kf2 Rd4 32. Bc3 Rd5 33.
Ke2 Rc5 34. Bb2 Ra5 35. a4 Rd5 36. Rc4 Kc7 37. Rh4 Rc5 38. Kd3 Rd5+ 39. Rd4 Rc5
40. b4 Re5 41. Rd7+ Kxd7 42. Bxe5 Ke7 43. Kc4 f6 44. Bc3 e5 45. Kc5 Kd7 46. Kb6
f4 47. Kxa6 h5 48. Kb7 h4 49. h3 e4 50. Bxf6 f3 51. gxf3 exf3 52. Bxh4 c5 53.
bxc5 Ke6 54. c6 f2 55. Bxf2 1-0

[Event "Open Semana Santa 2023"]
[Site "?"]
[Date "2023.04.07"]
[Round "5.144"]
[White "Oreshkin, Vladislav"]
[Black "Gomez Pastrana, Alba"]
[Result "1-0"]
[WhiteElo "1943"]
[BlackElo "1504"]
[PlyCount "123"]

1. e3 Nf6 2. Nf3 e6 3. c4 d5 4. b3 b6 5. Bb2 Bb7 6. Be2 Bd6 7. cxd5 Nxd5 8. O-O
O-O 9. a3 Nd7 10. d3 c5 11. Nbd2 Be7 12. Qc2 Rc8 13. Rac1 b5 14. Qb1 Bf6 15.
Ne4 Bxb2 16. Qxb2 Qe7 17. Nfd2 N5f6 18. Nxf6+ Qxf6 19. Qxf6 Nxf6 20. b4 cxb4
21. axb4 Rxc1 22. Rxc1 Nd5 23. Bf3 Rc8 24. Rxc8+ Bxc8 25. Bxd5 exd5 26. Kf1 Kf8
27. Ke2 Ke7 28. Kd1 Kd7 29. Kc2 Kc6 30. Kc3 Bd7 31. Nb3 Kd6 32. Kd4 f6 33. h3
h5 34. Nc5 Bc8 35. f4 f5 36. g3 g6 37. Nb3 Bd7 38. Nd2 Bc8 39. Nf3 Bd7 40. Ne5
Be8 41. e4 dxe4 42. dxe4 fxe4 43. Kxe4 Ke6 44. g4 hxg4 45. hxg4 Kd6 46. Kd4 a6
47. Ke4 Ke6 48. g5 Kd6 49. f5 gxf5+ 50. Kxf5 Kd5 51. Kf6 Kd4 52. Nf7 Kc4 53. g6
Kxb4 54. g7 Bxf7 55. Kxf7 Ka3 56. g8=Q a5 57. Qg3+ Ka4 58. Ke6 b4 59. Kd5 Kb5
60. Qd3+ Kb6 61. Kc4 Kc6 62. Qd5+ 1-0

[Event "Open Semana Santa 2023"]
[Site "?"]
[Date "2023.04.07"]
[Round "5.145"]
[White "Callealta, Andres"]
[Black "Correas Gonzalez, Jose Ramon"]
[Result "0-1"]
[WhiteElo "1601"]
[BlackElo "1942"]
[PlyCount "104"]

1. e4 c5 2. Nf3 d6 3. c3 Nf6 4. h3 Bd7 5. Bd3 g6 6. Bc2 Bg7 7. O-O O-O 8. Re1
Nc6 9. d4 cxd4 10. cxd4 a5 11. Nc3 Nb4 12. Bb3 b5 13. a3 Na6 14. e5 Ne8 15.
Bxf7+ Rxf7 16. e6 Bxe6 17. Rxe6 Nec7 18. Re1 d5 19. Ne5 Bxe5 20. Rxe5 Qd7 21.
Qe1 Nb8 22. Qd1 Nc6 23. Re1 Qf5 24. Be3 b4 25. Ne2 e5 26. dxe5 Nxe5 27. Ng3 Qd7
28. axb4 axb4 29. Rxa8+ Nxa8 30. Qb3 Nc7 31. Bd4 Nc6 32. Bc5 Ne6 33. Bxb4 Ned4
34. Qa3 Nxb4 35. Qxb4 Nc2 36. Qb8+ Rf8 37. Qe5 Nxe1 38. Qxe1 Re8 39. Qd2 Qe6
40. Nf1 Qe5 41. Ne3 d4 42. Nc2 Rd8 43. Qd3 Qd5 44. b4 Rd7 45. b5 Qa2 46. Nxd4
Qa1+ 47. Kh2 Qxd4 48. Qb3+ Qd5 49. Qb2 Re7 50. Qb4 Qe5+ 51. g3 Qe1 52. Qd4 Rf7
0-1

[Event "Open Semana Santa 2023"]
[Site "?"]
[Date "2023.04.07"]
[Round "5.146"]
[White "Alvarez Morales, Miguel"]
[Black "Aarav Sarbalia"]
[Result "1-0"]
[WhiteElo "1924"]
[BlackElo "1478"]
[PlyCount "79"]

1. c4 Nf6 2. Nc3 g6 3. d4 Bg7 4. e4 d6 5. Be2 O-O 6. Nf3 e5 7. O-O Nc6 8. d5
Ne7 9. b4 Ne8 10. c5 h6 11. Nd2 f5 12. Nc4 f4 13. Bg4 h5 14. Bxc8 Rxc8 15. Na5
Rb8 16. Rb1 Nf6 17. c6 b6 18. Nb7 Qc8 19. f3 g5 20. Nb5 Ra8 21. N5xd6 cxd6 22.
Nxd6 Qb8 23. Nb7 g4 24. b5 Qe8 25. Ba3 a6 26. Bxe7 Qxe7 27. d6 Qe6 28. a4 gxf3
29. Qxf3 axb5 30. axb5 Ra4 31. d7 Rd4 32. Rfd1 Nxd7 33. Rxd4 exd4 34. cxd7 Qxd7
35. e5 Re8 36. Qc6 Qxc6 37. bxc6 Bxe5 38. Rb5 Bc7 39. Rd5 Re4 40. Nd8 1-0

[Event "Open Semana Santa 2023"]
[Site "?"]
[Date "2023.04.07"]
[Round "5.147"]
[White "Prieto Martin, Manuel"]
[Black "Bascunana Sanchez, Pablo"]
[Result "0-1"]
[WhiteElo "1478"]
[BlackElo "1918"]
[PlyCount "102"]

1. c4 Nf6 2. Nc3 g6 3. d4 Bg7 4. e4 d6 5. Nf3 O-O 6. Be2 e5 7. d5 a5 8. O-O Na6
9. Be3 Ng4 10. Qd2 Nxe3 11. Qxe3 Nc5 12. Qd2 f5 13. exf5 Bxf5 14. Rfe1 Qf6 15.
Rad1 b6 16. h3 Rae8 17. Rf1 Rf7 18. Qg5 Qxg5 19. Nxg5 Rfe7 20. Nf3 Bh6 21. Nh2
Bg5 22. Bg4 Bd3 23. Be2 Bc2 24. Ra1 e4 25. Bd1 Bd3 26. Be2 Bf6 27. Rfe1 e3 28.
fxe3 Bxc3 29. bxc3 Rxe3 30. Ng4 Rxe2 31. Nf6+ Kf7 32. Nxe8 Rxe8 33. Rxe8 Kxe8
34. Kf2 Bxc4 35. Ke3 Bxd5 36. g4 Ke7 37. a3 Be6 38. Rg1 Nd7 39. Kf4 Ne5 40. Rg2
b5 41. Kg5 Nf7+ 42. Kf4 Bc4 43. h4 h6 44. g5 h5 45. Rg3 c5 46. Re3+ Ne5 47. Re1
Kd7 48. Ra1 Kc6 49. Ke3 Be6 50. a4 Nc4+ 51. Ke2 b4 0-1

[Event "Open Semana Santa 2023"]
[Site "?"]
[Date "2023.04.07"]
[Round "5.148"]
[White "Palomo Fernandez, Lorenzo"]
[Black "Segura Marsa, Andres"]
[Result "0-1"]
[WhiteElo "1405"]
[BlackElo "1916"]
[PlyCount "68"]

1. e4 c5 2. Nf3 Nc6 3. Nc3 g6 4. d4 cxd4 5. Nxd4 Bg7 6. Be3 Nf6 7. Bc4 O-O 8.
f3 Qb6 9. Qd2 Ng4 10. Na4 Qb4 11. Nxc6 Qxc4 12. Nxe7+ Kh8 13. Nc3 Nxe3 14. Qxe3
Qb4 15. Ned5 Qxb2 16. Kd2 b6 17. Rab1 Qa3 18. Rb4 Bb7 19. Rhb1 Bxd5 20. Nxd5
Qxa2 21. Qb3 Qxb3 22. R1xb3 Rfc8 23. Ra4 Rc6 24. Rd3 Bf8 25. Rc3 b5 26. Ra2 a5
27. Rxc6 dxc6 28. Nf4 a4 29. Nd3 c5 30. c3 b4 31. cxb4 cxb4 32. Nb2 a3 33. Kc2
Rc8+ 34. Kd1 b3 0-1

[Event "Open Semana Santa 2023"]
[Site "?"]
[Date "2023.04.07"]
[Round "5.149"]
[White "Harutian, Arthur William"]
[Black "Sanjuan Segura, Ignacio"]
[Result "1-0"]
[WhiteElo "1376"]
[BlackElo "1902"]
[PlyCount "105"]

1. Nf3 Nf6 2. g3 b6 3. Bg2 Bb7 4. O-O g6 5. d4 Bg7 6. c4 O-O 7. Nc3 Ne4 8. Bf4
d6 9. Nxe4 Bxe4 10. Qd2 c5 11. Bh6 Nd7 12. Bxg7 Kxg7 13. Ng5 Bxg2 14. Kxg2 cxd4
15. Qxd4+ Nf6 16. Ne4 e5 17. Qd3 Nxe4 18. Qxe4 Qc7 19. Rfd1 Rac8 20. b3 Qc6 21.
Qxc6 Rxc6 22. Rd5 Kf6 23. e4 Ke6 24. f4 f5 25. Re1 Rc5 26. exf5+ Rxf5 27. fxe5
Rxe5 28. Rexe5+ dxe5 29. Rxc5 bxc5 30. Kf3 Kf5 31. g4+ Ke6 32. Ke4 h5 33. h3
hxg4 34. hxg4 a5 35. a3 Kd6 36. Kd3 Kc6 37. Ke4 Kd6 38. Kd3 Ke6 39. Ke4 Kf6 40.
Kd5 Kg5 41. Kxc5 Kf4 42. Kb5 e4 43. c5 e3 44. c6 e2 45. c7 e1=Q 46. c8=Q Qe5+
47. Qc5 Qb8+ 48. Kxa5 Qd8+ 49. Kb4 Qd2+ 50. Kb5 Kxg4 51. Qb4+ Qf4 52. a4 Kf5
53. Qxf4+ 1-0

[Event "Open Semana Santa 2023"]
[Site "?"]
[Date "2023.04.07"]
[Round "5.150"]
[White "Alvarez Poves, Jesus"]
[Black "FM Carbonell Sancho, Marc"]
[Result "0-1"]
[WhiteElo "1735"]
[BlackElo "2346"]
[PlyCount "64"]

1. e4 c5 2. Nc3 Nc6 3. g3 g6 4. Bg2 Bg7 5. Nge2 e6 6. d3 Nge7 7. Be3 Nd4 8. Rb1
Nec6 9. a3 O-O 10. O-O d6 11. f4 Bd7 12. b4 b6 13. Bf2 Rc8 14. bxc5 bxc5 15.
Nxd4 cxd4 16. Nb5 Be8 17. a4 a6 18. Na3 Na5 19. Be1 Bxa4 20. Bxa5 Qxa5 21. Nc4
Qc5 22. Ra1 Bb5 23. Ra5 Qc7 24. Qd2 Bxc4 25. dxc4 Qxc4 26. Rb1 Rfd8 27. Bf1
Qxc2 28. Qxc2 Rxc2 29. Rxa6 e5 30. Rb5 exf4 31. gxf4 Bh6 32. Rd5 Bxf4 0-1

[Event "Open Semana Santa 2023"]
[Site "?"]
[Date "2023.04.07"]
[Round "5.151"]
[White "CM Villa Tornero, Alex"]
[Black "Romero Garcia, Jose Luis"]
[Result "1-0"]
[WhiteElo "2216"]
[BlackElo "1733"]
[Annotator "Usuario"]
[PlyCount "107"]

1. e4 e5 2. Nf3 Nc6 3. Bb5 a6 4. Ba4 b5 5. Bb3 Be7 6. d4 exd4 7. Nxd4 Nf6 8.
Nxc6 dxc6 9. Qe2 O-O 10. O-O Bc5 11. Kh1 Re8 12. f3 Nh5 13. Be3 Qh4 14. Qf2
Ng3+ 15. Qxg3 Qxg3 16. hxg3 Bxe3 17. Nc3 Be6 18. Nd1 Bb6 19. g4 Bxb3 20. axb3
Red8 21. Nc3 Rd2 22. Rac1 Rad8 23. Rcd1 b4 24. Rxd2 Rxd2 25. Na2 a5 26. Ra1 Kf8
27. c3 Rxb2 28. cxb4 Rxb3 29. bxa5 Bxa5 30. Nc1 Rb5 31. Ne2 Bb6 32. Ng3 g6 33.
Ne2 Rb2 34. Nf4 Rd2 35. Ra3 Ke7 36. Nd3 $11 Bd4 37. Kh2 c5 38. Kh3 c4 39. Nf4
c6 40. Ra4 Rc2 41. g3 Bg1 42. g5 Be3 43. Kg4 c3 44. Rc4 Kd6 45. e5+ Kxe5 46.
Re4+ Kd6 47. Rxe3 Kc5 48. Nd3+ Kd4 49. Kf4 Rd2 50. Nc1 Rg2 51. Re4+ Kd5 52. Nd3
Rd2 53. Ke3 Rd1 54. Rd4+ 1-0

[Event "Open Semana Santa 2023"]
[Site "?"]
[Date "2023.04.07"]
[Round "5.152"]
[White "Gallardo Munoz, Adrian"]
[Black "Robledo Sanchez, Carlos"]
[Result "0-1"]
[WhiteElo "1703"]
[BlackElo "2077"]
[PlyCount "50"]

1. e4 c5 2. Nf3 d6 3. Bb5+ Nd7 4. c3 Ngf6 5. Bd3 Ne5 6. Nxe5 dxe5 7. Bb5+ Bd7
8. Qe2 e6 9. O-O Be7 10. Bxd7+ Qxd7 11. Na3 O-O 12. d3 Rfd8 13. Rd1 Qc7 14. b3
Rd7 15. Bb2 Rad8 16. Rd2 a6 17. Rad1 b5 18. Nc2 Qc6 19. Ne1 Bd6 20. f4 c4 21.
bxc4 bxc4 22. fxe5 Bxe5 23. Nf3 Bf4 24. e5 Bxd2 25. Nxd2 Qb6+ 0-1

[Event "Open Semana Santa 2023"]
[Site "?"]
[Date "2023.04.07"]
[Round "5.153"]
[White "FM Varga, Mariano"]
[Black "Pacios Elola, Daniel Antonio"]
[Result "1-0"]
[WhiteElo "2026"]
[BlackElo "1700"]
[PlyCount "115"]

1. e3 d5 2. Nf3 Nf6 3. c4 e6 4. b3 Be7 5. Be2 O-O 6. O-O Nbd7 7. Bb2 b6 8. cxd5
exd5 9. d3 a5 10. a3 Ba6 11. Nbd2 Re8 12. Re1 Bf8 13. Bf1 Ng4 14. Rc1 Rc8 15.
h3 Nge5 16. Nxe5 Nxe5 17. Bxe5 Rxe5 18. d4 Bxf1 19. dxe5 Ba6 20. Ra1 c5 21. Nf3
Bb7 22. Qe2 Qe8 23. Red1 Ra8 24. a4 Ba6 25. Qc2 Rd8 26. Ng5 g6 27. f4 f6 28.
exf6 Qxe3+ 29. Qf2 Qxf2+ 30. Kxf2 Rd6 31. g4 Rxf6 32. Rxd5 Rxf4+ 33. Kg3 Rb4
34. Rd8 Rxb3+ 35. Kh4 h6 36. Ne6 Rf3 37. Rxf8+ Rxf8 38. Nxf8 Kxf8 39. Rb1 Bd3
40. Rxb6 c4 41. Kg3 Bc2 42. Rc6 Bxa4 43. Rxc4 Bb3 44. Rc7 a4 45. Ra7 Ke8 46.
Kf4 Kd8 47. Ke5 Kc8 48. Kd4 h5 49. g5 Kb8 50. Ra6 Bc2 51. Kc3 Kb7 52. Rf6 Be4
53. Rf4 Bc6 54. Kb4 Kc7 55. Rf7+ Kd8 56. Kc5 Be4 57. Kd6 Ke8 58. Re7+ 1-0

[Event "Open Semana Santa 2023"]
[Site "?"]
[Date "2023.04.07"]
[Round "5.154"]
[White "Perez Travieso, Saul"]
[Black "Groapa, Aurelian"]
[Result "1-0"]
[WhiteElo "2007"]
[BlackElo "1692"]
[PlyCount "101"]

1. d4 Nf6 2. c4 c6 3. Nc3 d6 4. e4 Nbd7 5. Nf3 Qa5 6. Bd3 g6 7. O-O e5 8. d5 c5
9. a3 Bg7 10. Bd2 a6 11. Nb5 Qb6 12. Nc3 O-O 13. b4 Qd8 14. Na4 Qc7 15. bxc5
Nxc5 16. Nxc5 Qxc5 17. Be3 Qc7 18. Ne1 Nd7 19. Qb3 b6 20. Nc2 h6 21. Rab1 Rb8
22. Nb4 Nc5 23. Qc2 Nxd3 24. Nxd3 f5 25. f3 Bd7 26. Rfc1 Rfc8 27. Qf2 fxe4 28.
fxe4 Rf8 29. Bxb6 Qb7 30. Qg3 Kh7 31. c5 Bb5 32. Rb4 Rf7 33. a4 Bxd3 34. Qxd3
Bf8 35. c6 Qc8 36. c7 Rxb6 37. Rxb6 Rxc7 38. Rxc7+ Qxc7 39. Qb1 Qc4 40. Rb4 Qc3
41. h3 h5 42. Rb7+ Bg7 43. Qf1 Qe3+ 44. Kh2 h4 45. Qf3 Qe1 46. Rd7 Kh8 47. Rxd6
Bh6 48. Qf6+ Bg7 49. Qxg6 Qf2 50. Rd8+ Bf8 51. Qh5+ 1-0

[Event "Open Semana Santa 2023"]
[Site "?"]
[Date "2023.04.07"]
[Round "5.155"]
[White "Benet Saniger, Xavier"]
[Black "Martinez Rodriguez, Francisco Sa"]
[Result "0-1"]
[WhiteElo "1682"]
[BlackElo "2004"]
[PlyCount "46"]

1. d4 d5 2. c4 e6 3. Nc3 Nf6 4. cxd5 exd5 5. Bg5 Be7 6. e3 O-O 7. Bd3 c6 8. Qc2
Nbd7 9. Nge2 Re8 10. O-O Nf8 11. Bxf6 Bxf6 12. b4 Qd6 13. a3 Bd8 14. Ng3 Bd7
15. Nce2 Bc7 16. Qd2 h5 17. f4 Qe7 18. Kf2 g6 19. Rae1 h4 20. Nh1 a5 21. Ng1
axb4 22. axb4 Bd6 23. Rb1 Ra2 0-1

[Event "Open Semana Santa 2023"]
[Site "?"]
[Date "2023.04.07"]
[Round "5.151"]
[White "Burriel Ureta, Raul"]
[Black "Movsisyan, Tigran"]
[Result "1-0"]
[WhiteElo "1579"]
[BlackElo "1968"]
[PlyCount "119"]

1. e4 c5 2. Nf3 Nc6 3. d3 g6 4. g3 Bg7 5. Bg2 d6 6. O-O e5 7. Nbd2 Nge7 8. c3
O-O 9. Re1 h6 10. Nf1 Be6 11. h4 f5 12. N1h2 Rf7 13. Bd2 Qd7 14. Qc1 Kh7 15.
Qc2 Raf8 16. Rad1 Ng8 17. Rf1 Nf6 18. Be3 Nh5 19. exf5 gxf5 20. a3 Kh8 21. d4
f4 22. gxf4 exf4 23. Bc1 cxd4 24. cxd4 Bh3 25. Qg6 Bxg2 26. Kxg2 Qf5 27. Qxf5
Rxf5 28. b4 Re8 29. d5 Ne7 30. Rfe1 Bc3 31. Re6 Rg8+ 32. Kh3 Bf6 33. Ng4 Rxd5
34. Rxd5 Nxd5 35. Rxd6 Rd8 36. Rxd8+ Bxd8 37. Nxh6 Bf6 38. Ng5 Bd4 39. f3 Nhf6
40. Nf5 Bc3 41. Nd6 Nd7 42. Nxb7 Ne5 43. Nc5 Nc4 44. Nd3 Nce3 45. Ne6 a5 46.
bxa5 Bxa5 47. Nexf4 Kg7 48. Nxd5 Nxd5 49. Kg4 Nf6+ 50. Kf5 Nd5 51. Nf4 Nb6 52.
Nd3 Nc4 53. h5 Bc7 54. Nf4 Bd6 55. a4 Bb4 56. Nd5 Ba5 57. Kg5 Nd6 58. h6+ Kf8
59. Bb2 Nf7+ 60. Kg6 1-0

[Event "Open Semana Santa 2023"]
[Site "?"]
[Date "2023.04.07"]
[Round "5.157"]
[White "Demirkol, Kerim Calvelo"]
[Black "Sanchez Pablo, Jorge"]
[Result "1-0"]
[WhiteElo "1897"]
[BlackElo "1654"]
[PlyCount "103"]

1. d4 d5 2. c4 dxc4 3. e4 b5 4. a4 c6 5. b3 Nf6 6. f3 e6 7. Bb2 Bb4+ 8. Nc3 a5
9. bxc4 Bxc3+ 10. Bxc3 b4 11. Bb2 Ba6 12. Bd3 Nbd7 13. Ne2 Qb8 14. Nc1 e5 15.
Nb3 Qc7 16. O-O O-O 17. f4 exd4 18. e5 Ne8 19. Bxd4 c5 20. Be3 g6 21. Qc2 Ng7
22. Be4 Rad8 23. Rfd1 Rfe8 24. Rd6 Re6 25. Rad1 Rxd6 26. Rxd6 Bc8 27. Rc6 Qa7
28. Kf2 Ne6 29. Bd5 Nb8 30. Nxc5 Nxc6 31. Nxe6 Qd7 32. Nxd8 Nxd8 33. Bb6 Nc6
34. Qe4 b3 35. Qb1 Ne7 36. Qxb3 Nxd5 37. cxd5 Bb7 38. e6 fxe6 39. Bxa5 Bxd5 40.
Qb8+ Kf7 41. Bb4 Qe8 42. Qc7+ Kg8 43. Bc3 Qf7 44. Qe5 Kf8 45. Bb4+ Kg8 46. Qb8+
Kg7 47. Bc3+ Kh6 48. Qe5 Qf5 49. Qg7+ Kh5 50. Qxh7+ Kg4 51. h3+ Kxf4 52. Qh4+
1-0

[Event "Open Semana Santa 2023"]
[Site "?"]
[Date "2023.04.07"]
[Round "5.158"]
[White "Alonso Perez, Alfredo"]
[Black "Bocos Delgado, Jon"]
[Result "0-1"]
[WhiteElo "1891"]
[BlackElo "1654"]
[PlyCount "82"]

1. d4 Nf6 2. Bf4 g6 3. Nc3 d5 4. Nf3 Bg7 5. e3 Bg4 6. h3 Bxf3 7. Qxf3 c6 8. Bd3
Nbd7 9. O-O Nf8 10. b4 Ne6 11. Bh2 b5 12. a4 a6 13. Ra3 Nd7 14. Rfa1 Nb6 15.
Qd1 O-O 16. R1a2 Qc8 17. axb5 axb5 18. Rxa8 Nxa8 19. Qa1 Nb6 20. Ra7 Nxd4 21.
exd4 Bxd4 22. Qa3 Qe6 23. Ne2 Nc4 24. Qa2 Bxa7 25. Qxa7 Nb2 26. Qd4 Nxd3 27.
Qxd3 Ra8 28. Bf4 Ra4 29. c3 Qe4 30. Qxe4 dxe4 31. Ng3 Ra1+ 32. Kh2 f5 33. h4
Kf7 34. Bc7 Kf6 35. Bb6 e5 36. h5 Rc1 37. hxg6 hxg6 38. Kh3 Rxc3 39. Bd8+ Ke6
40. Kh4 e3 41. fxe3 Rc4+ 0-1